Регионална библиотека "Любен Каравелов" - Русе

Нормален изглед MARC изглед
  • Дишев, Димитър

Вход 01. Лично име

Брой записи, използвани в: 0

001 - Контролен номер на записа

  • Контролно поле: 293186

003 - Код на организацията, даваща контролен номер

  • Контролно поле: BLK

005 - Дата и час на последна промяна на записа

  • Контролно поле: 20240320152430.0

008 - Данни с фиксирана дължина – обща информация

  • Данни с фиксирана дължина : 180420|| aca||aabn | a|a d

100 ## - ИМЕ НА ЛИЦЕ -ПЪРВИЧНА ИНТЕЛЕКТУАЛНА ОТГОВОРНОСТ

  • Лично име: Дишев, Димитър
  • Дати, свързани с автора: (7.VІ.1935 г. - 2012 г.)
  • Друга информация: Автор на проза, журналист, филолог българист. Завършил електротехникум, работил като електротехн., телеф. надзорник и радиооператор в Русе и в с. Каран Върбовка. Завършва бълг. филология, работи като ред. във в-к "Трудово дело", печата разкази в сп. "Пламък", "Лит. фронт", "Вечерни новини", "Труд" и "Трудово дело"; Зам. - гл. ред. на в-к "Трета възраст"(1992-)
  • Пълна форма на името: Дишев, Димитър Василев

370 ## - Населено място

  • Място на раждане: с. Каран Върбовка, Русенско

942 ## - Системна служебна употреба

  • Koha auth type: PERSO_NAME
Vip Innovations Ltd, Rousse, Bulgaria 2025